000 00557nam a22001817a 4500
999 _c11610
_d11610
003 AR-CdUCM
008 190404b ||||| |||| 00| 0 spa d
040 _aMUNICIPALIDAD PROVINCIAL DEL CUSCO
_cBIBLIOTECA MUNICIPAL DEL CUSCO
082 _a847.71 /
_bC71
100 _aColoma, Luis P.
_929063
245 _aLa reina mártir :
_bapuntos historicos del siglo XVI
260 _aColombia :
_bBachen,
300 _a473 páginas ;
_c19 cm.
650 _aLiteratura Colombiana.
_98673
650 _aObras literarias.
_9403
942 _2ddc
_cLIBROS
945 _awfj